<?xml version="1.0" encoding="UTF-8"?>
<record
    xmlns:xsi="http://www.w3.org/2001/XMLSchema-instance"
    xsi:schemaLocation="http://www.loc.gov/MARC21/slim http://www.loc.gov/standards/marcxml/schema/MARC21slim.xsd"
    xmlns="http://www.loc.gov/MARC21/slim">

  <leader>02825nam a2200337 a 4500</leader>
  <controlfield tag="003">OSt</controlfield>
  <controlfield tag="005">20250422072847.0</controlfield>
  <controlfield tag="007">cr ||||||a|c|a</controlfield>
  <controlfield tag="008">240826s2024    mx a|||fom||| 001 0 spa d</controlfield>
  <datafield tag="040" ind1=" " ind2=" ">
    <subfield code="e">rda</subfield>
  </datafield>
  <datafield tag="100" ind1="1" ind2=" ">
    <subfield code="a">Bautista Mart&#xED;nez, Eduardo</subfield>
    <subfield code="9">189467</subfield>
  </datafield>
  <datafield tag="245" ind1="1" ind2="0">
    <subfield code="a">Efecto del tipo de poda sobre la presencia de ara&#xF1;a roja y mosca blanca en aguacate hass /</subfield>
    <subfield code="c">por Eduardo Bautista Mart&#xED;nez ; Jos&#xE9; de Jes&#xFA;s Loyola, secretario Samuel S&#xE1;nchez Dom&#xED;nguez; vocal Arturo Vega Cuen; suplente Domingo Montalvo Hern&#xE1;ndez; suplente Arturo Chong Eslava.</subfield>
  </datafield>
  <datafield tag="264" ind1=" " ind2="1">
    <subfield code="a">Chapingo, M&#xE9;xico :</subfield>
    <subfield code="b">El autor,</subfield>
    <subfield code="c">2024.</subfield>
  </datafield>
  <datafield tag="300" ind1=" " ind2=" ">
    <subfield code="a">1 recurso en l&#xED;nea (125 p&#xE1;ginas):</subfield>
    <subfield code="b">gr&#xE1;ficas,ilustraciones, tablas.</subfield>
  </datafield>
  <datafield tag="336" ind1=" " ind2=" ">
    <subfield code="2">rdacontent</subfield>
    <subfield code="a">texto</subfield>
    <subfield code="b">txt</subfield>
  </datafield>
  <datafield tag="337" ind1=" " ind2=" ">
    <subfield code="2">rdamedia</subfield>
    <subfield code="a">computadora</subfield>
    <subfield code="b">c</subfield>
  </datafield>
  <datafield tag="338" ind1=" " ind2=" ">
    <subfield code="2">rdacarrier</subfield>
    <subfield code="a">recurso en l&#xED;nea</subfield>
    <subfield code="b">cr</subfield>
  </datafield>
  <datafield tag="502" ind1=" " ind2=" ">
    <subfield code="b">IAAF</subfield>
    <subfield code="c">Fitotecnia</subfield>
    <subfield code="d">2024.</subfield>
    <subfield code="g">LIC</subfield>
  </datafield>
  <datafield tag="504" ind1=" " ind2=" ">
    <subfield code="a">Incluye referencias bibliogr&#xE1;ficas: p&#xE1;ginas 101-111.</subfield>
  </datafield>
  <datafield tag="520" ind1=" " ind2=" ">
    <subfield code="a">La poda en el cultivo del aguacate favorece tener &#xE1;rboles de porte bajo que facilitan la aplicaci&#xF3;n de tratamientos sanitarios y cosecha, adem&#xE1;s de incrementar la densidad de poblaci&#xF3;n, que contribuyen en la obtenci&#xF3;n de altos rendimientos. Caso contrario, presentan abundante ramificaci&#xF3;n en las partes bajas, &#xE1;ngulos excesivamente cerrados y un constante desgajamiento de ramas, y poca penetraci&#xF3;n de luz al interior de la copa presentando ramas improductivas. En este estudio se realiz&#xF3; en San Juan Achiutla, Tlaxiaco, Oaxaca, donde se evaluaron 4 tipos de poda (Poda de despunte T1, Poda de sanidad T2, Poda de ramas bajas T3 y Poda integral T4) m&#xE1;s un Testigo T5, con el fin de estimar la presencia de ara&#xF1;a roja y mosca blanca en su estado de huevo, ninfa y adulto, as&#xED; como la temperatura y el % de humedad relativa al interior de la copa en un periodo de noviembre 2023 a enero 2024. Se concluye que la Poda Integral reduce la presencia de mosca blanca y de la ara&#xF1;a roja, al permitir un incremento de la temperatura al interior de la copa; el resultado anterior tambi&#xE9;n es observado en forma descendente en los tratamientos T3, T2 y T1; mientras que el no realizar ning&#xFA;n tipo de poda, aumenta la presencia de ara&#xF1;a roja y mosca blanca.</subfield>
  </datafield>
  <datafield tag="650" ind1=" " ind2="4">
    <subfield code="a">Aguacate</subfield>
    <subfield code="x">Poda</subfield>
    <subfield code="9">2545</subfield>
  </datafield>
  <datafield tag="650" ind1=" " ind2="4">
    <subfield code="a">Tetranychus urticae</subfield>
    <subfield code="x">Control</subfield>
    <subfield code="9">132187</subfield>
  </datafield>
  <datafield tag="650" ind1=" " ind2="4">
    <subfield code="a">Trialeurodes vaporarium</subfield>
    <subfield code="x">Control</subfield>
    <subfield code="9">189443</subfield>
  </datafield>
  <datafield tag="700" ind1="1" ind2=" ">
    <subfield code="a">Loyola, Jos&#xE9; de Jes&#xFA;s</subfield>
    <subfield code="9">68707</subfield>
    <subfield code="e">Director de tesis.</subfield>
  </datafield>
  <datafield tag="700" ind1="1" ind2=" ">
    <subfield code="a">S&#xE1;nchez Dom&#xED;nguez, Samuel</subfield>
    <subfield code="e">Secretario.</subfield>
    <subfield code="9">107478</subfield>
  </datafield>
  <datafield tag="700" ind1="1" ind2=" ">
    <subfield code="a">Vega Cuen, Arturo</subfield>
    <subfield code="9">118251</subfield>
    <subfield code="e">Vocal.</subfield>
  </datafield>
  <datafield tag="700" ind1="1" ind2=" ">
    <subfield code="a">Montalvo Hern&#xE1;ndez, Domingo</subfield>
    <subfield code="9">77714</subfield>
    <subfield code="e">Suplente.</subfield>
  </datafield>
  <datafield tag="700" ind1="1" ind2=" ">
    <subfield code="a">Chong Eslava, Arturo</subfield>
    <subfield code="9">22863</subfield>
    <subfield code="e">Suplente.</subfield>
  </datafield>
  <datafield tag="856" ind1=" " ind2=" ">
    <subfield code="u">http://10.13.5.2/tesis/tl/1610225-1_BAUTISTA_MARTINEZ_EDUARDO.pdf</subfield>
    <subfield code="z">DESCARGAR PDF</subfield>
  </datafield>
  <datafield tag="942" ind1=" " ind2=" ">
    <subfield code="2">Clasificaci&#xF3;n Universidad Aut&#xF3;noma Chapingo</subfield>
    <subfield code="c">TD</subfield>
  </datafield>
  <datafield tag="999" ind1=" " ind2=" ">
    <subfield code="c">220105</subfield>
    <subfield code="d">220105</subfield>
  </datafield>
  <datafield tag="952" ind1=" " ind2=" ">
    <subfield code="0">0</subfield>
    <subfield code="1">0</subfield>
    <subfield code="2">local</subfield>
    <subfield code="4">0</subfield>
    <subfield code="5">1</subfield>
    <subfield code="7">0</subfield>
    <subfield code="8">TesDigL</subfield>
    <subfield code="a">BD</subfield>
    <subfield code="b">BD</subfield>
    <subfield code="c">E_L</subfield>
    <subfield code="d">2024-08-26</subfield>
    <subfield code="l">0</subfield>
    <subfield code="o">Tesis digital</subfield>
    <subfield code="r">2024-08-26 09:45:57</subfield>
    <subfield code="w">2024-08-26</subfield>
    <subfield code="y">TD</subfield>
  </datafield>
</record>
